Impact of Tax Changes on Economic Growth of Slovakia

Sila vlády pri zmene smeru a rýchlosti konvergencie k vyrovnanému stavu hospodárskeho rastu krajiny. Daňové zmeny na Slovensku a ich dopad na ekonomický rast. Metódy používané na výpočet štrukturálnych parametrov, ktoré sa objavujú v analýze na základe lineárnej aproximácie okolo rovnovážneho stavu...

ver descrição completa

Na minha lista:
Detalhes bibliográficos
Autor principal: Kováč, Stanislav
Formato: Capítulo de Livro
Idioma:inglês
Assuntos:
Tags: Adicionar Tag
Sem tags, seja o primeiro a adicionar uma tag!

MARC

LEADER 00000naa$a2200000$$$4500
001 0258317
005 20240502083733.6
041 0 |a eng 
044 |a CZ 
245 1 0 |a Impact of Tax Changes on Economic Growth of Slovakia  |c Stanislav Kováč 
520 |a Sila vlády pri zmene smeru a rýchlosti konvergencie k vyrovnanému stavu hospodárskeho rastu krajiny. Daňové zmeny na Slovensku a ich dopad na ekonomický rast. Metódy používané na výpočet štrukturálnych parametrov, ktoré sa objavujú v analýze na základe lineárnej aproximácie okolo rovnovážneho stavu modelu Cass-Koopmana. Možné výsledky zmien daňových sadzieb a štrukturálnych parametrov v ustálených stavoch. Možnosť urýchlenia konvergencie vládou prostredníctvom dane z príjmu právnických osôb s poklesom výnosov. 
610 2 0 |a Slovensko 
610 2 0 |a vláda 
610 2 0 |a konvergencia 
610 2 0 |a dane 
610 2 0 |a rast hospodársky 
610 2 0 |a sadzby daňové 
100 1 |a Kováč, Stanislav